LEADER 01011nam a2200277 i 4500 001 000000192626 003 CaOOAMICUS 005 20141224000000.0 008 141224s1962 it u000 u ita u 013 $a171250 040 $aSeMil$bita 245 10$aAtti degli apostoli /$ccommento di Adriano Boudou. 250 $a2. ed. 260 $aRoma :$bStudium,$c1962. 300 $aXLIX, 597 p. ;$c19 cm. 490 0 $aVerbum salutis 500 $aFondo card. Giovanni Colombo. 650 4$aBibbia - Apocrifi NT - Atti degli Apostoli.$0(OLS)http://semarc/subject/46065 700 1 $aBoudou, Adrien .$0(OLS)http://semarc/name/16188 830 0$aVerbum Salutis.$0(OLS)http://semarc/title/13440 850 $aSeMil 852 $aSeMil$W1$xVenegono$y1$m3GC VI 159$j143201$B143201$CSeMilBibl$Z2$F154619 $8B 941 1 $a3 961 $aLascito: Colombo Card. Giovanni 996 $6245$aAtti degli apostoli$9(OLS)http://semarc/title/41332 996 $6260$aRoma :$bStudium$9(OLS)http://semarc/publisher/29617 LEADER 00815nam a2200217 i 4500 001 000000103415 003 CaOOAMICUS 005 20091112000000.0 008 091112s2001 it u000 u ita u 013 $a75586 040 $aSeMil$bita 100 1 $aDelpero, Claudio.$0(OLS)http://semarc/name/20023 245 10$aGenesi ed evoluzione del metodo teologico /$cClaudio Delpero. 260 $aBrescia :$bUPM,$c2001. 300 $a617 p. ;$c24 cm. 650 4$aTeologia - Metodo - Storia.$0(OLS)http://semarc/subject/10128 850 $aSeMil 852 $aSeMil$W1$xVenegono$y1$m2B V 255$j59876$B59876$CSeMilBibl$Z2$F71189 $81 961 $aOmaggio: Autore 996 $6245$aGenesi ed evoluzione del metodo teologico$9(OLS)http://semarc/title/150210 996 $6260$aBrescia :$bUPM$9(OLS)http://semarc/publisher/44718